Agropromyšlennaja integracija stran - členov SEV Sovremennyje tendencii

Gespeichert in:
Bibliographische Detailangaben
1. Verfasser: Sorokin, Vladislav Grigor'jevič
Weitere Verfasser: Frumkin, Boris Jefimovič
Format: Buch
Sprache:Russisch
Veröffentlicht: Moskva Meždunarodnyje otnošenija 1986
Schlagworte:
Tags: Tag hinzufügen
Keine Tags, Fügen Sie das erste Tag hinzu!

MARC

LEADER 00000nam a2200000 4500
001 c024214
005 20260325070624.2
041 0 |a rus 
044 |a RU 
245 1 0 |a Agropromyšlennaja integracija stran - členov SEV  |b Sovremennyje tendencii  |c Vladislav Grigor'jevič Sorokin, Boris Jefimovič Frumkin 
264 1 |a Moskva  |b Meždunarodnyje otnošenija  |c 1986 
300 |a 158 s. 
610 2 0 |a RVHP 
100 1 |a Sorokin, Vladislav Grigor'jevič 
700 1 |a Frumkin, Boris Jefimovič